[Event "Commonwealth-ch U16"]
[Site "New Delhi"]
[Date "2018.07.03"]
[Round "7"]
[White "Koustav, Chatterjee"]
[Black "Cheela Naga, Sampath"]
[Result "1-0"]
[WhiteElo "2365"]
[BlackElo "1894"]
[PlyCount "111"]
[EventDate "2018.06.26"]
[EventType "swiss"]
[EventRounds "7"]
[EventCountry "IND"]
[SourceTitle "EXT 2019"]
[Source "ChessBase"]
[SourceDate "2018.10.10"]
[SourceVersion "1"]
[SourceVersionDate "2018.10.10"]
[SourceQuality "1"]

1. d4 d5 2. c4 e6 3. Nc3 f5 4. Nf3 c6 5. Bf4 Nf6 6. e3 Bd6 7. Ne5 0-0 8. Bd3 Ne4 9. h4 Be7 10. cxd5 exd5 11. Qb3 Qb6 12. Qc2 Nd7 13. g4 Nxe5 14. Bxe5 Bf6 15. Bf4 Re8 16. 0-0-0 Qa5 17. f3 Nxc3 18. bxc3 c5 19. gxf5 Bd7 20. Qb2 cxd4 21. cxd4 Rac8+ 22. Kb1 Rc6 23. Ka1 Rec8 24. Rhg1 Rb6 25. Qd2 Qa3 26. Be5 Rc3 27. Bb1 Rxe3 28. f4 Qc3+ 29. Qxc3 Rxc3 30. Rg2 Kf8 31. Rdg1 Bxe5 32. dxe5 g6 33. fxg6 hxg6 34. h5 Rf3 35. hxg6 Kg7 36. Rh2 Bh3 37. Rxh3 Rxh3 38. f5 Rf3 39. f6+ Rfxf6 40. exf6+ Rxf6 41. Rh1 Rf8 42. Rh7+ Kf6 43. Rxb7 a5 44. Kb2 Rg8 45. Kc3 Ke5 46. g7 Kf6 47. Kd4 a4 48. Bh7 Rxg7 49. Rxg7 Kxg7 50. Bc2 Kf6 51. Kxd5 Ke7 52. Bxa4 Kd8 53. Bc6 Kc8 54. Kc5 Kc7 55. a4 Kb8 56. Kb6 1-0

[Event "IND-ch U17"]
[Site "Saravanampatty"]
[Date "2017.10.30"]
[Round "9"]
[White "Cheela Naga, Sampath"]
[Black "Dhananjay, S."]
[Result "1/2-1/2"]
[WhiteElo "1873"]
[BlackElo "2248"]
[PlyCount "79"]
[EventDate "2017.10.24"]
[EventType "swiss"]
[EventRounds "11"]
[EventCountry "IND"]
[SourceTitle "CBM 181 Extra"]
[Source "ChessBase"]
[SourceDate "2017.12.12"]
[SourceVersion "1"]
[SourceVersionDate "2017.12.12"]
[SourceQuality "1"]

1. d4 c5 2. Nf3 cxd4 3. Nxd4 Nf6 4. g3 e5 5. Nb3 Nc6 6. Bg2 d5 7. 0-0 Be6 8. c3 Be7 9. Be3 0-0 10. Bc5 a5 11. a4 Rc8 12. Na3 b6 13. Bxe7 Qxe7 14. Nb5 Rfd8 15. e3 Bg4 16. Bf3 Bh3 17. Bg2 Bg4 18. Bf3 Bf5 19. Bg2 Qe6 20. Re1 h5 21. Nd2 h4 22. gxh4 Bg4 23. f3 Bh3 24. Qe2 Ne7 25. f4 Ng6 26. Nf3 Bxg2 27. Qxg2 exf4 28. exf4 Qf5 29. Nbd4 Qxf4 30. Qg3 Ne4 31. Qxf4 Nxf4 32. Nf5 Kf8 33. Rad1 g6 34. Ng3 Nc5 35. Ne5 Kg7 36. Rf1 Nce6 37. Nxf7 Kxf7 38. Ne2 Rc4 39. Nxf4 Rxf4 40. Rxf4+ 1/2-1/2

[Event "IND-ch U19"]
[Site "Kankarbagh"]
[Date "2017.09.06"]
[Round "5"]
[White "Cheela Naga, Sampath"]
[Black "Shailesh, Dravid"]
[Result "1/2-1/2"]
[WhiteElo "1839"]
[BlackElo "2314"]
[PlyCount "100"]
[EventDate "2017.09.03"]
[EventType "swiss"]
[EventRounds "11"]
[EventCountry "IND"]
[SourceTitle "CBM 180 Extra"]
[Source "ChessBase"]
[SourceDate "2017.10.06"]
[SourceVersion "1"]
[SourceVersionDate "2017.10.06"]
[SourceQuality "1"]

1. d4 Nf6 2. c4 Nc6 3. Nc3 e5 4. d5 Ne7 5. e4 Ng6 6. Be3 Bb4 7. Bd3 Bxc3+ 8. bxc3 d6 9. f3 b6 10. Ne2 0-0 11. 0-0 Nd7 12. Bc2 Nc5 13. Nc1 f5 14. Nd3 Qh4 15. Nxc5 bxc5 16. Qe1 Qxe1 17. Rfxe1 f4 18. Bf2 Ba6 19. Bd3 Rfb8 20. Rab1 Nf8 21. a4 Nd7 22. a5 g5 23. Kf1 Kf7 24. g4 Rxb1 25. Rxb1 Rb8 26. Rxb8 Nxb8 27. Ke2 Ke7 28. Kd2 Kd7 29. h4 h6 30. h5 c6 31. Be2 Kc7 32. Bd3 Bc8 33. Bc2 Kb7 34. Ba4 Bd7 35. Kc2 Ka6 36. Kb3 Kxa5 37. Be1 Kb6 38. Ka3 Kc7 39. Bf2 a6 40. Kb3 Kb6 41. Be1 a5 42. Bf2 Kb7 43. Ka3 Ka6 44. Be1 cxd5 45. cxd5 Bb5 46. Bd1 Nd7 47. Kb2 Nb6 48. Kc1 a4 49. Kb2 Nc4+ 50. Ka2 Ne3 1/2-1/2

[Event "IND-ch U19"]
[Site "Kankarbagh"]
[Date "2017.09.06"]
[Round "6"]
[White "Sai Agni, Jeevitesh J"]
[Black "Cheela Naga, Sampath"]
[Result "1-0"]
[WhiteElo "2393"]
[BlackElo "1839"]
[PlyCount "98"]
[EventDate "2017.09.03"]
[EventType "swiss"]
[EventRounds "11"]
[EventCountry "IND"]
[SourceTitle "CBM 180 Extra"]
[Source "ChessBase"]
[SourceDate "2017.10.06"]
[SourceVersion "1"]
[SourceVersionDate "2017.10.06"]
[SourceQuality "1"]

1. d4 Nf6 2. c4 g6 3. Nf3 Bg7 4. e3 0-0 5. Be2 d6 6. 0-0 Nbd7 7. Nc3 e5 8. Qc2 Re8 9. Rd1 exd4 10. Nxd4 Nc5 11. b3 Ne6 12. Nf3 Nc5 13. Nd4 Ne6 14. Nxe6 Bxe6 15. Bb2 Bf5 16. Qc1 Ne4 17. Nd5 Bxb2 18. Qxb2 c6 19. Nf4 Qe7 20. Bf3 Qe5 21. Qd4 Nc3 22. Rd2 Nb1 23. Rd1 Nc3 24. Rdc1 Qxd4 25. exd4 Ne4 26. g4 Bd7 27. Re1 Ng5 28. Kg2 f5 29. gxf5 Bxf5 30. h4 Ne6 31. Nxe6 Bxe6 32. Re3 Kf7 33. Kg3 Re7 34. Rae1 Rae8 35. Kf4 Bf5 36. b4 Kf6 37. c5 d5 38. Rxe7 Rxe7 39. Rxe7 Kxe7 40. Ke5 a6 41. a3 Bh3 42. Be2 Be6 43. Bd3 Bh3 44. Bc2 Bd7 45. f4 Bh3 46. Bd1 Bd7 47. h5 gxh5 48. Bxh5 Be8 49. Bxe8 Kxe8 1-0

[Event "IND-ch U25 26th"]
[Site "Port Blair"]
[Date "2017.07.16"]
[Round "6"]
[White "Nitin, M Pai"]
[Black "Cheela Naga, Sampath"]
[Result "1-0"]
[WhiteElo "1660"]
[BlackElo "1841"]
[PlyCount "203"]
[EventDate "2017.07.13"]
[EventType "swiss"]
[EventRounds "9"]
[EventCountry "IND"]
[SourceTitle "EXT 2018"]
[Source "ChessBase"]
[SourceDate "2017.10.13"]
[SourceVersion "1"]
[SourceVersionDate "2017.10.13"]
[SourceQuality "1"]

1. e4 e5 2. Nf3 Nc6 3. Bb5 a6 4. Ba4 Nf6 5. 0-0 Be7 6. Re1 b5 7. Bb3 0-0 8. h3 d6 9. c3 Na5 10. Bc2 c5 11. d3 Nc6 12. Nbd2 Bb7 13. Nf1 Qd7 14. Ng3 g6 15. Bg5 Rfe8 16. Nh2 Nd8 17. Qf3 Kg7 18. h4 h6 19. Be3 Ng8 20. h5 Rf8 21. d4 cxd4 22. cxd4 Nc6 23. d5 Nb4 24. Bb3 Rac8 25. Rac1 a5 26. Bd2 Bd8 27. Bxb4 axb4 28. Rxc8 Bxc8 29. Rc1 Bg5 30. Rc2 Bb7 31. Qg4 Qxg4 32. Nxg4 Rc8 33. Rxc8 Bxc8 34. Bd1 Bf4 35. hxg6 fxg6 36. Nf1 Bc1 37. b3 Nf6 38. Nxf6 Kxf6 39. Be2 Bd7 40. f3 h5 41. Kf2 Bb2 42. g3 Bd4+ 43. Kg2 Kg5 44. Nh2 Bc3 45. Kf2 Bd4+ 46. Kg2 Be3 47. Nf1 Bc1 48. Nh2 Bb2 49. Kf2 Bc3 50. Kg2 h4 51. f4+ exf4 52. Nf3+ Kf6 53. gxf4 h3+ 54. Kg3 Bb2 55. Bf1 Bc1 56. e5+ Ke7 57. e6 Bc8 58. Bxb5 Bb7 59. Bc4 Be3 60. Nh2 Bc1 61. Ng4 Bd2 62. Nh2 Bc1 63. Nf1 Kf6 64. Kf3 Ke7 65. Ke4 Kf6 66. Be2 g5 67. fxg5+ Bxg5 68. Bg4 Ba6 69. Nh2 Bb5 70. Bxh3 Be8 71. Nf3 Bc1 72. Nd4 Bb2 73. Nc6 Bg6+ 74. Ke3 Bc3 75. Bf1 Be1 76. Bd3 Be8 77. Kd4 Bh5 78. Be4 Be2 79. Bg2 Bf2+ 80. Ke4 Bc5 81. Bh3 Bh5 82. Bf1 Bg6+ 83. Kf4 Be8 84. Ba6 Bxc6 85. dxc6 d5 86. Bc8 Bd6+ 87. Ke3 Be5 88. Bd7 Ke7 89. Kd3 Kd8 90. Ke3 Ke7 91. Kf3 Kd8 92. Kg4 Ke7 93. Kf5 Bd6 94. Bc8 Bb8 95. Ba6 Bh2 96. Be2 Bg3 97. Bf3 d4 98. Be2 Bb8 99. Bc4 Bc7 100. Ke4 Kd6 101. Bd5 Bb6 102. Kd3 1-0

[Event "IND-ch U17"]
[Site "Bengaluru"]
[Date "2015.10.10"]
[Round "10"]
[White "Chandar, Raju"]
[Black "Cheela Naga, Sampath"]
[Result "0-1"]
[WhiteElo "2003"]
[BlackElo "1809"]
[PlyCount "96"]
[EventDate "2015.10.03"]
[EventType "swiss"]
[EventRounds "11"]
[EventCountry "IND"]
[SourceTitle "CBM 168 Extra"]
[Source "ChessBase"]
[SourceDate "2015.10.29"]
[SourceVersion "1"]
[SourceVersionDate "2015.10.29"]
[SourceQuality "1"]

1. Nf3 Nf6 2. c4 g6 3. Nc3 Bg7 4. g3 0-0 5. d4 c5 6. Bg2 cxd4 7. Nxd4 Nc6 8. 0-0 Nxd4 9. Qxd4 d6 10. Qd2 Qc7 11. b3 Bf5 12. Bb2 a6 13. e4 Bd7 14. Rac1 Bc6 15. Qe3 Ng4 16. Qe2 Ne5 17. Kh1 e6 18. Rcd1 Rfe8 19. f4 Nd7 20. Qd2 Nc5 21. Rfe1 Rad8 22. Qc2 f5 23. exf5 gxf5 24. Re2 Bxg2+ 25. Rxg2 Qc6 26. h3 Qf3 27. Kh2 Rd7 28. b4 Ne4 29. Ne2 Nf2 30. Rf1 Ng4+ 31. hxg4 Qxf1 32. Bxg7 Rxg7 33. g5 h6 34. g6 Rxg6 35. Qd3 h5 36. Rg1 Qf2+ 37. Rg2 Qe1 38. Qxd6 h4 39. Qd3 h3 40. Rg1 Qf2+ 41. Kh1 Kf7 42. c5 Rgg8 43. Qd7+ Kf6 44. Qd3 Rd8 45. Qc3+ Kf7 46. c6 h2 47. Re1 bxc6 48. Nc1 Rxg3 0-1

[Event "IND-ch U17"]
[Site "Bengaluru"]
[Date "2015.10.08"]
[Round "8"]
[White "Elancheralathan, P."]
[Black "Cheela Naga, Sampath"]
[Result "0-1"]
[WhiteElo "2002"]
[BlackElo "1809"]
[PlyCount "100"]
[EventDate "2015.10.03"]
[EventType "swiss"]
[EventRounds "11"]
[EventCountry "IND"]
[SourceTitle "CBM 168 Extra"]
[Source "ChessBase"]
[SourceDate "2015.10.29"]
[SourceVersion "1"]
[SourceVersionDate "2015.10.29"]
[SourceQuality "1"]

1. d4 Nf6 2. c4 g6 3. Nc3 Bg7 4. e4 d6 5. Nf3 0-0 6. Be2 e5 7. 0-0 Nc6 8. d5 Ne7 9. b4 Ne8 10. a4 f5 11. Ba3 Nf6 12. Nd2 Bh6 13. Bf3 fxe4 14. Ndxe4 Nxe4 15. Bxe4 Nf5 16. c5 Nd4 17. b5 Rf4 18. Ra2 Bf5 19. Re1 dxc5 20. Bxc5 Bg7 21. f3 b6 22. Ba3 Bxe4 23. Rxe4 Rxe4 24. fxe4 Bf8 25. Bc1 Bc5 26. Be3 Nxb5 27. axb5 Bxe3+ 28. Kh1 Qd6 29. Qd3 Qc5 30. Rc2 Rf8 31. g3 Qd4 32. Qe2 h5 33. Qg2 Qd3 34. h4 Bd4 35. Na4 Qd1+ 36. Kh2 Bg1+ 37. Qxg1 Qxc2+ 38. Kh3 Qxa4 39. d6 cxd6 40. Qc1 Qxe4 41. Qc6 Qxc6 42. bxc6 a5 43. g4 a4 44. g5 a3 45. Kg3 a2 46. c7 a1Q 47. c8Q Rxc8 48. Kf3 Qe1 49. Kg2 Qe2+ 50. Kg3 Rc3# 0-1

[Event "IND-ch U13 29th"]
[Site "Gurgaon"]
[Date "2015.09.05"]
[Round "9"]
[White "Cheela Naga, Sampath"]
[Black "Aronyak, Ghosh"]
[Result "0-1"]
[WhiteElo "1757"]
[BlackElo "2095"]
[PlyCount "94"]
[EventDate "2015.08.30"]
[EventType "swiss"]
[EventRounds "11"]
[EventCountry "IND"]
[SourceTitle "EXT 2016"]
[Source "ChessBase"]
[SourceDate "2015.10.08"]
[SourceVersion "1"]
[SourceVersionDate "2015.10.08"]
[SourceQuality "1"]

1. d4 d5 2. Nf3 e6 3. c4 c6 4. Nc3 dxc4 5. a4 Bb4 6. e3 b5 7. axb5 cxb5 8. Bd2 Bxc3 9. Bxc3 Bb7 10. b3 a5 11. bxc4 b4 12. Bb2 Nf6 13. c5 0-0 14. Bb5 Bc6 15. Qa4 Qc7 16. 0-0 Bxf3 17. gxf3 Rc8 18. c6 Rd8 19. Rac1 Rd5 20. Rc5 h5 21. Rfc1 Na6 22. R5c2 Ne8 23. f4 Nd6 24. Bd3 Nc8 25. e4 Rd8 26. Bb5 Nd6 27. Bxa6 Rxa6 28. f3 Ne8 29. e5 g6 30. Rc5 Ng7 31. R1c4 Ra7 32. Rb5 Nf5 33. Kf2 Ne7 34. Rbc5 Nd5 35. f5 gxf5 36. Rc1 Kh7 37. Rg1 Qe7 38. Bc1 Qh4+ 39. Kf1 Qxd4 40. Qc2 Qxe5 41. Bb2 Ne3+ 42. Kf2 Qxh2+ 43. Kxe3 Qxg1+ 44. Kf4 Rc7 45. Bf6 Rg8 46. Rxf5 exf5 47. Qxf5+ Qg6 0-1